| 000 | 01257cab a2200205 4500 | ||
|---|---|---|---|
| 001 | ##L131275 | ||
| 008 | 051017n2005 000 0 eng u | ||
| 035 | _a(Sirsi) u131275 | ||
| 041 | 0 | _aeng | |
| 100 | 1 | _aReid, Iain | |
| 245 | 0 | 0 | _aBuy into derivatives |
| 260 | 3 | _c2005 | |
| 490 | 0 |
_aEstates Gazette _v(0540) 8 October 2005, 59-65(7) |
|
| 520 | _aPresents three articles on aspects of the developing property derivatives market: "The battle ahead: group launched" explains how far the industry has come in the creation of the new property investment vehicles and describes the setting up of the Property Derivatives Interest Group; "Game plan: start trading now" encourages investors to join in the just launched Property Derivatives Trading Forum, a simulation designed to build confidence in the nascent market, and "Bright future: the universe expands" sees property derivatives as a fantastically flexible way of managing business risk and views the property derivatives market as an adjunct to the underlying property market rather than replacing it. Provides an A-Z guide to derivatives. | ||
| 590 | _aIKA251005 | ||
| 690 | _aPROPERTY-PROPERTY FINANCE AND INVESTMENT | ||
| 700 | 1 | _aClarke, Rupert | |
| 700 | 1 | _aNicklin, Phil | |
| 942 | _n0 | ||
| 999 |
_c76015 _d76015 |
||